<?xml version="1.0" encoding="UTF-8"?>
<collection xmlns="http://www.loc.gov/MARC21/slim">
 <record>
  <leader>01660nam a2200217Ia 4500</leader>
  <controlfield tag="001">TDMU_40368</controlfield>
  <controlfield tag="008">210410s9999    xx            000 0 und d</controlfield>
  <datafield tag="082" ind1=" " ind2=" ">
   <subfield code="a">428.2</subfield>
  </datafield>
  <datafield tag="090" ind1=" " ind2=" ">
   <subfield code="b">TR121</subfield>
  </datafield>
  <datafield tag="100" ind1=" " ind2=" ">
   <subfield code="a">Trần, Tiễn Cao Đăng</subfield>
  </datafield>
  <datafield tag="245" ind1=" " ind2="0">
   <subfield code="a">Những gặp gỡ không thể có</subfield>
  </datafield>
  <datafield tag="245" ind1=" " ind2="0">
   <subfield code="b">Tập truyện</subfield>
  </datafield>
  <datafield tag="245" ind1=" " ind2="0">
   <subfield code="c">Trần Tiễn Cao Đăng</subfield>
  </datafield>
  <datafield tag="260" ind1=" " ind2=" ">
   <subfield code="a">H.</subfield>
  </datafield>
  <datafield tag="260" ind1=" " ind2=" ">
   <subfield code="b">Nxb. Hội Nhà văn</subfield>
  </datafield>
  <datafield tag="260" ind1=" " ind2=" ">
   <subfield code="c">2018</subfield>
  </datafield>
  <datafield tag="300" ind1=" " ind2=" ">
   <subfield code="a">233tr.</subfield>
  </datafield>
  <datafield tag="520" ind1=" " ind2=" ">
   <subfield code="a">Là câu chuyện về những cuộc gặp gỡ nằm giữa lằn ranh giữa thật và ảo, giữa hiện hữu và giấc mơ. Đẹp mà lạ lùng, nên thơ nhưng cũng không kém phần gai góc, Trần Tiễn Cao Đăng đưa người đọc bước vào thế giới siêu thực mà ông vẽ nên, nơi mà ý chí của con người được giải phóng và không còn bị ngăn trở bởi bất cứ rào cản nào nữa. Những gặp gỡ không thể có của Trần Tiễn Cao Đăng đã dệt nên bức tranh về sự sống và cái chết, về tình yêu và sự xa cách, về mê đắm và dục vọng, về tình người, tình đồng đội và cả về sự lạc lõng của mỗi bản thể trong cuộc đời.</subfield>
  </datafield>
  <datafield tag="650" ind1=" " ind2=" ">
   <subfield code="a">Văn học hiện đại</subfield>
   <subfield code="v">Truyện</subfield>
   <subfield code="z">Việt Nam; Văn học Việt Nam</subfield>
   <subfield code="v">Truyện</subfield>
  </datafield>
  <datafield tag="856" ind1=" " ind2=" ">
   <subfield code="u">http://lrc.tdmu.edu.vn/opac/search/detail.asp?aID=2&amp;ID=40368</subfield>
  </datafield>
  <datafield tag="980" ind1=" " ind2=" ">
   <subfield code="a">Trung tâm Học liệu Trường Đại học Thủ Dầu Một</subfield>
  </datafield>
 </record>
</collection>
